| 000 | 00649nam a2200193 4500 | ||
|---|---|---|---|
| 001 | 122643 | ||
| 003 | ES-MaACL | ||
| 005 | 20250727085932.0 | ||
| 007 | t| | ||
| 008 | 070214s1982 sp r ||||1| spa d | ||
| 245 | 0 | 0 |
_aProblemas de Estadística aplicada a la Psicología / _cJ. M. Domènech... [et al.]. |
| 260 |
_aBarcelona : _bHerder, _c1982. |
||
| 300 |
_a340 p. ; _c25 cm. |
||
| 490 | 1 | _aMonografías de Bioestadística y Psicología Matemática | |
| 700 | 1 |
_aDomènech, J. M. _945075 |
|
| 830 | 0 | 0 |
_aMonografías de bioestadística y psicología matemática _9218864 |
| 852 |
_aES-MaACL _jL-4067 _bR.104525 |
||
| 999 |
_c122643 _d122643 |
||